01336nab a22002417a 4500003000400000005001700004008004100021040000700062100001800069245007500087260007200162300001300234500003500247505036100282505014400643505008900787650001800876650002400894650002200918650001200940650001800952773012400970OSt20251215122627.0190502c xxu||||| |||| 00| 0 spa d cPJ aCarús, Juan10aDesobediencia a la autoridad (art. 239, Cód. Penal) /cJuan Carús. aCiudad Autónoma de Buenos Aires :bThomson Reuters La Ley,c2025. ap. 35-66 aCita Online: AR/DOC/2645/2025. aSumario: I. Bien jurídico tutelado y principio de insignificancia.— II. Tipicidad. — III. Antijuridicidad, el consentimiento justificante y el derecho de disposición. — IV. Error de prohibición.— V. Reparación del daño.— VI. Concursos.— VII. Derecho de defensa en juicio y principio de congruencia.— VIII. Cuestiones de competencia. aFallo comentado: CNCasCrim. y Correc., sala I ~ 14/03/2023 ~ S.,S. y otros c. V., E. D. y otro s/ homicidio simple y lesiones gravísimas. t¿Te interesa el texto completo? Solicitalo al correo: koha@justierradelfuego.gov.ar 0aDERECHO PENAL 0aCONCURSO DE DELITOS 0aDEFENSA EN JUICIO 0aDELITOS 0aANTIJURICIDAD0 02729dBuenos Aires : LexisNexis, 2006-tRevista de derecho penal y procesal penal. Nº 12 - Diciembre 2025z9875920622